Comedias escogidas de don Juan Ruiz de Alarcón y Mendoza (Record no. 164152)
[ view plain ]
| 000 -LEADER | |
|---|---|
| campo de control de longitud fija | 00933nam a2200169 i 4500 |
| 001 - NÚMERO DE CONTROL | |
| campo de control | 164152 |
| 003 - IDENTIFICADOR DE NÚMERO DE CONTROL | |
| campo de control | ES-MaACL |
| 005 - FECHA Y HORA DE LA ÚLTIMA TRANSACCIÓN | |
| campo de control | 20230906212900.0 |
| 008 - DATOS DE LONGITUD FIJA--INFORMACIÓN GENERAL | |
| campo de control de longitud fija | 940301m18261829sp |||| | spa d |
| 040 ## - FUENTE DE CATALOGACIÓN | |
| Centro catalogador/agencia de origen | AS |
| Lengua de catalogación | spa |
| 100 0# - ENTRADA PRINCIPAL--NOMBRE DE PERSONA | |
| Nombre de persona | Ruiz de Alarcón y Mendoza, Juan. |
| 9 (RLIN) | 100719 |
| 245 10 - MENCIÓN DEL TÍTULO | |
| Título | Comedias escogidas de don Juan Ruiz de Alarcón y Mendoza |
| Resto del título | : tomo primero [-segundo]. |
| 260 ## - PUBLICACIÓN, DISTRIBUCIÓN, ETC. | |
| Lugar de publicación, distribución, etc. | Madrid : |
| Nombre del editor, distribuidor, etc. | [s.n.], |
| Fecha de publicación, distribución, etc. | 1826-1829 ( |
| Fabricante | Imprenta de Ortega y Compañía) |
| 300 ## - DESCRIPCIÓN FÍSICA | |
| Extensión | 2 v. (509, [1] p. ; 586, [2] p.) ; |
| Dimensiones | 16 cm. |
| 505 8# - NOTA DE CONTENIDO CON FORMATO | |
| Nota de contenido con formato | Contiene: t. 1. Ganar amigos (p.3-122) ; La verdad sospechosa (p.123-256) ; El exámen de Maridos (p. 257-380) ; Las Paredes oyen (p. 381-509) -- t. 2. Los empeños de su engaño (p. 3-128) ; Quien engaña más a quien (p. 129-250) ; Nunca mucho costo poco (p. 251-462) ; El Tejedor de Segovia, segunda parte (p.463-586). |
| 852 ## - LOCALIZACIÓN | |
| Encuadernación | |
| Ubicación | BA |
| Número de control de estantería | R-2400-01 |
| Nota libre | -- Enc. pasta |
| Encuadernación | -- Olim: F-1383-84 |
| Estatus retirado | Estado de pérdida | Estado de daño | No para préstamo | Colección | Biblioteca de origen | Biblioteca actual | Ubicación en estantería | Fecha de adquisición | Total de préstamos | Signatura topográfica completa | Código de barras | Visto por última vez | Precio de reemplazo | Tipo de ítem Koha |
|---|---|---|---|---|---|---|---|---|---|---|---|---|---|---|
| Libros del s. XIX | Biblioteca del Ateneo de Madrid | Biblioteca del Ateneo de Madrid | Depósito | 17/01/2008 | R-2400-01 | 1172043 | 23/02/2023 | 23/02/2023 | Libro impreso antiguo |
